00422 2200169 4500245005400000020002200054250001100076100001600087700001400103650002000117005001900137260003900156041001400195084000800209300002600217336000900243 aSatu Hari Bukan di Hari MinggucYetti A. KAhText a978-602-96829-4-6 aCet. 1 aYetti A. KA aSuharmono aNovel Indonesia a20230307081426 aYogyakartabGress Publishingc2011 aIndonesia a813 ax, 140 hlm. :c21 cm. atext